UBT Library

MACRO ECONOMICS (Record no. 59376)

000 -LEADER
fixed length control field 00326nam a22001457a 4500
008 - FIXED-LENGTH DATA ELEMENTS--GENERAL INFORMATION
fixed length control field 230317b ||||| |||| 00| 0 eng d
020 ## - INTERNATIONAL STANDARD BOOK NUMBER
International Standard Book Number 9780393934236
041 ## - LANGUAGE CODE
Language code of text/sound track or separate title eng
080 ## - UNIVERSAL DECIMAL CLASSIFICATION NUMBER
Edition identifier 2EDITION
Universal Decimal Classification number 330.10
082 ## - DEWEY DECIMAL CLASSIFICATION NUMBER
Classification number 330.10JON
100 ## - Rafti
Rafti 23
101 ## - Shkurtesa
Shkurtesa MACRO
245 ## - TITLE STATEMENT
Title MACRO ECONOMICS
Statement of responsibility, etc JONES.I.CH
942 ## - ADDED ENTRY ELEMENTS (KOHA)
Source of classification or shelving scheme
Item type Books
Holdings
Withdrawn status Lost status Source of classification or shelving scheme Damaged status Not for loan Collection code Permanent location Current location Date acquired Total Checkouts Full call number Barcode Date last seen Price effective from Koha item type
          Koleksioni i përgjithshem UBT - Lipjan UBT - Lipjan 03/17/2023   330.10JON 002-80001041 03/17/2023 03/17/2023 Books
UBT Library © 2015-2024. All rights reserved University Education for Business and Technology